01082cam a22002651 450000500170000000800410001701000130005802000230007102000260009403500130012003700080013304000170014108200080015810000420016624500560020826000580026427000540032230000290037649000220040550400170042794200220044499900170046695201600048395201730064320060324110017.0710521s1968 enk b 000 0 eng  aB-307677 a0750643935c595.00 a9780750643931c595.00 aB-307677 bUBH aDPLbEnglish a658 aDrucker, Peter F.q(Peter Ferdinand), aThe practice of management /cby Peter F. Drucker. aLondon,bElsevier Butterworth Heinemannc2006 (repr,) aLinacre House, Jordan Hill, OxfordbUKeOX2 8DP,  aviii, 399p.c21cm. (pbk) amanagement series aBibliography 2ddccENh658mDRU c25716d25716 00102ddc40708NFICaLbLd2009-04-13eUBH/236/10.11.08/99/16.5.08/17.11.08g595.00l0o658 DRUpB-307677r2009-04-13 00:00:00t1v595.00w2009-04-13yEN 00102ddc40708NFICaVPbVPd2009-04-13eUBH/179/19.9.08/175/21.8.08/30.9.08g595.00l2o658 DRUpB-295893r2012-12-15 00:00:00s2012-12-01t1v595.00w2009-04-13yEN